00353 2200145 4500001002100000005001500021008004100036020001800077035001900095082000800114090001600122100001500138245002400153260003000177INLIS00000000000907520241224113747241224||||||||| | ||| |||| ||  a602-8152-26-9 0010-12240090750 a741 a741.3 RAK m0 aRaka Insan00aMari Bermain Ganepo aBandungbCHIL PRESSc2008